Alcool sans voyelles - Statistiques

Statistiques générales
  • Ce quiz a été pris 391 fois
  • Le résultat moyen est 17 sur 25
Statistiques - réponses
Alcool Réponse % Correct
G_N Gin
96%
RH_M Rhum
96%
V_DK_ Vodka
95%
CH_MP_GN_ Champagne
94%
R_C_RD Ricard
94%
T_Q_ _L_ Téquila
92%
M_L_B_ Malibu
89%
S_Z_ Suze
89%
K_RSCH Kirsch
86%
L_M_NC_LL_ Limoncello
80%
_BS_NTH_ Absinthe
76%
C_LV_D_S Calvados
76%
CH_RTR_ _S_ Chartreuse
75%
_RM_GN_C Armagnac
69%
G_N_P_ Genépi
68%
J_G_R M_ _ ST_R Jager Meister
67%
M_NTH_ P_ST_LL_ Menthe Pastille
60%
C_ _NTR_ _ _ Cointreau
57%
TR_PL_ S_C Triple Sec
57%
P_ _R_ W_LL_ _MS Poire Williams
51%
B_ _L_ _S Baileys
47%
C_R_C_ _ Curaçao
33%
M_ZC_L Mezcal
27%
S_MB_C_ Sambuca
13%
K_HL_ _ Kahlua
7%
Aucun quiz correspondant
Distribution des résultats
% des personnes avec chaque résultat
Percentile par nombre de réponses
Votre historique - résultats
Vous n’avez pas pris ce quiz